000 00354 a2200157 4500
001 153219
040 _cEscola São Tomás de Aquino
100 _aDORIN, Lannoy
240 1 0 _aÀ procura do sol
_lpor
245 1 0 _aÀ procura do sol
300 _a143
362 0 _a2008
440 1 _aEditora do Brasil
697 _a*LITERATURA JUVENIL
942 _cBK
999 _c153219
_d153219